| 000 | 00684nam a2200229 a 4500 | ||
|---|---|---|---|
| 005 | 20240427063701.0 | ||
| 008 | 020905s1992 mx r 000 0 spa d | ||
| 020 | _a8485851285 | ||
| 035 | _aUPN01000118901 | ||
| 049 | _aCG | ||
| 050 | 4 |
_aRC489 P7.3 _bS4.6 |
|
| 100 | 1 | _aSerón Muñoz, Juan Manuel | |
| 245 | 1 | 0 |
_aPsicopedagogía de la comunicación y el lenguaje / _cJuan Manuel Serón Muñoz, Manuel Aguilar Villagrán. |
| 260 |
_aMadrid : _bEOS, _c[1992] |
||
| 300 | _a506 p. | ||
| 650 | 4 |
_aTrastornos del habla _96691 |
|
| 650 | 2 |
_aLogopedia _96051 |
|
| 650 | 4 |
_aComunicación _99285 |
|
| 700 | 1 |
_aAguilar Villagrán, Manuel, _ecoaut. |
|
| 902 | _aMCM/mva | ||
| 905 | _aLibro | ||
| 999 |
_c91263 _d91263 |
||